Obálka Náhled e-knihy:
Epub
Pro půjčování e-knih musíte být přihlášeni.
Jak si půjčit online?

Luk královny Dorotky /

Vančurovské přitakání životu, lásce a mládí. Šest rozmarných milostných příběhů.

Uloženo v:
Hlavní autor: Vančura, Vladislav (Autor)
Médium: E-kniha
Jazyk:Czech
Vydáno: Praha : Artis, 2023
Tagy:
Žádné tagy
LEADER 00999nam a22002297i 4500
001 312145
007 ta
008 260601s2023 xr ||||| |||| 00| 0 cze d
020 |a 9990003894410 
044 |a xr 
100 1 |a  Vančura, Vladislav  |4 aut 
245 1 0 |a Luk královny Dorotky /  |c  Vančura, Vladislav 
264 1 |a Praha :  |b Artis,  |c 2023 
300 |a 1 online zdroj (80 stran) 
336 |a text  |b txt  |2 rdacontent 
337 |a bez média  |b n  |2 rdamedia 
338 |a online zdroj  |b cr  |2 rdacarrier 
520 2 |a Vančurovské přitakání životu, lásce a mládí. Šest rozmarných milostných příběhů. 
910 |a RBIT002 
998 |d 389441  |a https://core.palmknihy.cz/api/books/389441/cover?s2m1q9  |b https://core.palmknihy.cz/api/books/389441/cover/400?s2m1q9  |c https://core.palmknihy.cz/api/books/389441/cover/50?s2m1q9  |e 2099-12-01  |g 80  |i 9990003894410  |j https://core.palmknihy.cz/api/books/389441/preview.epub  |l   |q 49  |r 1  |s https://www.palmknihy.cz/kniha/389441  |t ebook  |y 2023  |z 1 
999 |d 312143